000 00658nam a2200181Ia 4500
008 151018s9999 xx 000 0 und d
082 _bRBASDV15378
_a610
100 _aपांडुरंगशास्त्री देशपांडे
245 _aआपले आरोग्य
250 _b1
260 _bमेघना
_c1982
300 _a91
600 _aपांडुरंगशास्त्री देशपांडे
630 _aआपले आरोग्य
700 _aपांडुरंगशास्त्री देशपांडे
730 _aआपले आरोग्य
942 _cBOOK
999 _c1016105
_d1016102